LEADER 00892nam0-22003011i-450- 001 990002573410403321 010 $a0273084224 035 $a000257341 035 $aFED01000257341 035 $a(Aleph)000257341FED01 035 $a000257341 100 $a20000920d1979----km-y0itay50------ba 101 0 $aENG 200 1 $aGeneralized Inverses of Linear Transformations$fS. L. Campbell , C. D. Meyer. 210 $aLondon$cPitman$d1979. 215 $axi, 272 p.$d24 cm 610 0 $aAlgebra lineare e multilineare, Teoria delle matrici 676 $a512 700 1$aCampbell,$bStephen La Vern$f<1945- >$0104577 702 1$aMeyer,$bC. D. 801 0$aIT$bUNINA$gRICA$2UNIMARC 901 $aBK 912 $a990002573410403321 952 $aMXVII-B-32$b3460$fMAS 959 $aMAS 996 $aGeneralized Inverses of Linear Transformations$9435824 997 $aUNINA DB $aING01 LEADER 01011nam0-22003371i-450- 001 990007840660403321 005 20050930122629.0 035 $a000784066 035 $aFED01000784066 035 $a(Aleph)000784066FED01 035 $a000784066 100 $a20031127d1986----km-y0itay50------ba 101 0 $aita 102 $aIT 105 $ay---n---001yy 200 1 $aNormativa per la gestione delle acque$etutta la legislazione nazionale coordinata e commentata in relazione ai diversi usi$fMauro Sanna 210 $aRoma$cEdizioni delle autonomie$d1986 215 $a211 p.$d21 cm 225 1 $aCome fare, conoscere e amministrare$v17 676 $a333.7$v11 rid.$zita 676 $a344.04$v12 rid.$zita 700 1$aSanna,$bMauro$021319 801 0$aIT$bUNINA$gRICA$2UNIMARC 901 $aBK 912 $a990007840660403321 952 $aL 368$fDSS 952 $aVI D 688$b934$fDDA 959 $aDSS 959 $aDDA 996 $aNormativa per la gestione delle acque$9671965 997 $aUNINA LEADER 01082nam0-22002771i-450- 001 990006676740403321 005 20040420114357.0 035 $a000667674 035 $aFED01000667674 035 $a(Aleph)000667674FED01 035 $a000667674 100 $a20010426d1982----km-y0itay50------ba 101 0 $aita 105 $ay-------001yy 200 1 $aSeminario di formazione$einformazione su il bilancio di impatto ambientale$eAula Morandi, mercoledì 30 giugno 1982$fFederazione delle associazioni scientifiche e tecniche FAST$gpromosso da Camera di commercio di Milano, Comune di Milano, Centro Studi Comprensorio Milanese, INU, IRER, Regione Lombardia 210 $aMilano$cFederazione delle associazioni scientifiche e tecniche$d[1982] 215 $av.$d30 cm 300 $aPaginazione varia 710 02$aFederazione delle associazioni scientifiche e tecniche$0123218 801 0$aIT$bUNINA$gRICA$2UNIMARC 901 $aBK 912 $a990006676740403321 952 $aVII C 127$b3955$fFSPBC 959 $aFSPBC 996 $aSeminario di formazione$9617968 997 $aUNINA LEADER 00958nam0-22002891i-450- 001 990004896720403321 005 20130719104839.0 035 $a000489672 035 $aFED01000489672 035 $a(Aleph)000489672FED01 035 $a000489672 100 $a19990604g18509999km-y0itay50------ba 101 0 $aita 105 $aaf------00--- 200 1 $aFernando IV de Castilla, ó, Dos muertes á un tiempo$enovela historica del siglo XIV$foriginal de V. Africa Bolangero 210 $aMadrid$cEstab. Tip. de José G. Márquez$d1850 215 $a250 p., [8] tav.$cill.$d21 cm 610 0 $aFernando IV $aRomanzo 676 $a860.09 700 1$aBolangero,$bVicente Africa$0494797 801 0$aIT$bUNINA$gRICA$2UNIMARC 901 $aBK 912 $a990004896720403321 952 $aSG 800/B 15$bR.Bibl. 11839$fFLFBC 959 $aFLFBC 996 $aFernando IV de Castilla, ó, Dos muertes á un tiempo$9524548 997 $aUNINA LEADER 02134nam0 22004813i 450 001 VAN00288024 005 20250424120104.579 017 70$2N$a9783540463962 100 $a20250303d1991 |0itac50 ba 101 $aeng 102 $aDE 105 $a|||| ||||| 181 $ai$b e 182 $ab 183 $acr 200 1 $aAdditive Subgroups of Topological Vector Spaces$fWojciech Banaszczyk 210 $aBerlin$aHeidelberg$cSpringer$d1991 215 $avi, 178 p.$cill.$d24 cm 461 1$1001VAN00102250$12001 $aLecture notes in mathematics$1210 $aBerlin [etc.]$cSpringer$v1466 606 $a22-XX$xTopological groups, Lie groups [MSC 2020]$3VANC020459$2MF 606 $a22B05$xGeneral properties and structure of LCA groups [MSC 2020]$3VANC022578$2MF 606 $a43A35$xPositive definite functions on groups, semigroups, etc. [MSC 2020]$3VANC022542$2MF 606 $a46-XX$xFunctional analysis [MSC 2020]$3VANC019764$2MF 606 $a46A11$xSpaces determined by compactness or summability properties (nuclear spaces, Schwartz spaces, Montel spaces, etc.) [MSC 2020]$3VANC024229$2MF 610 $aAbstract harmonic analysis$9KW:K 610 $aBanach algebra$9KW:K 610 $aCombinatorics$9KW:K 610 $aFunctional Analysis$9KW:K 610 $aGeometry$9KW:K 610 $aTopological groups$9KW:K 610 $aVector spaces$9KW:K 620 $dBerlin$3VANL000066 620 $aDE$dHeidelberg$3VANL000282 700 1$aBanaszczyk$bWojciech$3VANV242628$059914 712 $aSpringer $3VANV108073$4650 801 $aIT$bSOL$c20250606$gRICA 856 4 $uhttps://doi.org/10.1007/BFb0089147$zE-book ? Accesso al full-text attraverso riconoscimento IP di Ateneo, proxy e/o Shibboleth 899 $aBIBLIOTECA DEL DIPARTIMENTO DI MATEMATICA E FISICA$1IT-CE0120$2VAN08 912 $fN 912 $aVAN00288024 950 $aBIBLIOTECA DEL DIPARTIMENTO DI MATEMATICA E FISICA$d08DLOAD e-Book 10848 $e08eMF10848 20250312 996 $aAdditive subgroups of topological vector spaces$978676 997 $aUNICAMPANIA